[Event "Brno Duras IM-B"]
[Site "Brno"]
[Date "2008.06.27"]
[Round "1"]
[White "Lahner, Jakub"]
[Black "Vesely, Jaromir"]
[Result "1-0"]
[WhiteElo "2314"]
[BlackElo "2074"]
[PlyCount "77"]
[EventDate "2008.06.27"]
[EventType "tourn"]
[EventRounds "11"]
[EventCountry "CZE"]
[EventCategory "1"]
[SourceTitle "CBM 125 Extra"]
[Source "ChessBase"]
[SourceDate "2008.09.01"]
[SourceVersion "1"]
[SourceVersionDate "2008.09.01"]
[SourceQuality "1"]

1. d4 d5 2. c4 e6 3. Nc3 Nf6 4. Nf3 c6 5. Bg5 Nbd7 6. e3 Qa5 7. Qc2 Ne4 8. cxd5 cxd5 9. Bd3 Bb4 10. 0-0 h6 11. Bf4 Nxc3 12. a3 Be7 13. b4 Qd8 14. Qxc3 0-0 15. Rfc1 Nf6 16. Bc7 Qe8 17. Ne5 Bd7 18. Nxd7 Qxd7 19. a4 a6 20. b5 Rfc8 21. Qa5 Ne8 22. Bb6 axb5 23. Bxb5 Qd6 24. Rxc8 Rxc8 25. Bc5 Rxc5 26. dxc5 Qe5 27. Rb1 Nf6 28. Be2 Ne4 29. Qa8+ Kh7 30. Bd3 Bxc5 31. Qxb7 f5 32. Bxe4 fxe4 33. Qb2 d4 34. exd4 Bxd4 35. Qc2 Kg8 36. Re1 e3 37. fxe3 Bxe3+ 38. Kh1 Qd4 39. Qe2 1-0

[Event "CZE-chT 0708"]
[Site "Czech Republic"]
[Date "2008.04.13"]
[Round "11.6"]
[White "Kukel, Imre1111"]
[Black "Lahner, Jakub"]
[Result "1/2-1/2"]
[WhiteElo "2316"]
[BlackElo "2314"]
[PlyCount "63"]
[EventDate "2007.11.17"]
[EventType "team-tourn"]
[EventRounds "11"]
[EventCountry "CZE"]
[SourceTitle "EXT 2009"]
[Source "ChessBase"]
[SourceDate "2008.11.26"]
[SourceVersion "1"]
[SourceVersionDate "2008.11.26"]
[SourceQuality "1"]
[WhiteTeam "Bohemians"]
[BlackTeam "Frydek Mistek"]
[WhiteTeamCountry "CZE"]
[BlackTeamCountry "CZE"]

1. e4 e5 2. Nf3 Nc6 3. Bb5 a6 4. Ba4 Nf6 5. 0-0 Nxe4 6. d4 b5 7. Bb3 d5 8. dxe5 Be6 9. Nbd2 Be7 10. c3 Nc5 11. Bc2 d4 12. Nb3 d3 13. Nxc5 dxc2 14. Qxd8+ Rxd8 15. Nxe6 fxe6 16. Be3 Rd5 17. Rfc1 Nxe5 18. Nxe5 Rxe5 19. Rxc2 Rd5 20. c4 Rd7 21. cxb5 axb5 22. g3 Kf7 23. Re1 Ra8 24. b3 Ra6 25. Kg2 Bd6 26. Rd1 Re7 27. Kf3 Re8 28. Ke4 Rea8 29. Rdd2 Ke7 30. f3 Ra5 31. g4 b4 32. Bd4 1/2-1/2

[Event "CZE-chT 0708"]
[Site "Czech Republic"]
[Date "2007.12.01"]
[Round "3.5"]
[White "Lahner, Jakub"]
[Black "Jurcik, Marian"]
[Result "1/2-1/2"]
[WhiteElo "2314"]
[BlackElo "2372"]
[PlyCount "120"]
[EventDate "2007.11.17"]
[EventType "team-tourn"]
[EventRounds "11"]
[EventCountry "CZE"]
[SourceTitle "EXT 2009"]
[Source "ChessBase"]
[SourceDate "2008.11.26"]
[SourceVersion "1"]
[SourceVersionDate "2008.11.26"]
[SourceQuality "1"]
[WhiteTeam "Frydek Mistek"]
[BlackTeam "Grygov"]
[WhiteTeamCountry "CZE"]
[BlackTeamCountry "CZE"]

1. d4 d5 2. c4 dxc4 3. Nf3 Nf6 4. e3 e6 5. Bxc4 c5 6. 0-0 a6 7. Qe2 b5 8. Bd3 Bb7 9. dxc5 Bxf3 10. Qxf3 Nbd7 11. Rd1 Bxc5 12. a3 Qb8 13. Nc3 Ne5 14. Qg3 0-0 15. b4 Nxd3 16. Qxb8 Raxb8 17. Rxd3 Be7 18. Bb2 Rfd8 19. Rad1 Rxd3 20. Rxd3 Rc8 21. h3 Kf8 22. Kf1 Ne8 23. Ne4 f5 24. Rc3 Rxc3 25. Nxc3 Nd6 26. Ke2 Bf6 27. Nd1 Nc4 28. Bc1 Ke7 29. Kd3 Kd6 30. f3 g6 31. e4 Ne5+ 32. Ke2 fxe4 33. fxe4 Nc4 34. Bf4+ Be5 35. Bc1 h5 36. Kd3 Bg7 37. Bf4+ Be5 38. Bc1 Ba1 39. Bf4+ Kc6 40. Bc1 Kd7 41. Kc2 Kd6 42. Bf4+ Be5 43. Bc1 Bf6 44. Bf4+ Be5 45. Bc1 a5 46. bxa5 Nxa5 47. Nf2 Nc6 48. Nd3 Nd4+ 49. Kd1 Nb3 50. Be3 Bd4 51. Bf4+ Ke7 52. Kc2 Nc5 53. Nxc5 Bxc5 54. Kb3 Kf6 55. g4 hxg4 56. hxg4 Ke7 57. a4 bxa4+ 58. Kxa4 Bd6 59. Bg5+ Kd7 60. Kb5 Be5 1/2-1/2

[Event "Pardubice Czech op"]
[Site "Pardubice"]
[Date "2007.07.25"]
[Round "6"]
[White "Boros, Denes"]
[Black "Lahner, Jakub"]
[Result "1-0"]
[WhiteElo "2460"]
[BlackElo "2317"]
[PlyCount "61"]
[EventDate "2007.07.20"]
[EventType "swiss"]
[EventRounds "9"]
[EventCountry "CZE"]
[SourceTitle "CBM 119 Extra"]
[Source "ChessBase"]
[SourceDate "2007.09.04"]
[SourceVersion "1"]
[SourceVersionDate "2007.09.04"]
[SourceQuality "1"]

1. e4 e5 2. Nf3 Nc6 3. Bc4 Nf6 4. d3 Be7 5. 0-0 0-0 6. Re1 d6 7. c3 Na5 8. Bb5 a6 9. Ba4 b5 10. Bc2 c5 11. Nbd2 Re8 12. d4 Qc7 13. b3 cxd4 14. cxd4 Nc6 15. Bb2 Bf8 16. Rc1 Qb7 17. h3 Bd7 18. a3 a5 19. Bd3 g6 20. Qc2 exd4 21. Bxb5 Bh6 22. Bxc6 Bxc6 23. Qc4 Bxe4 24. Qxd4 Bg7 25. Nxe4 Nh5 26. Qa4 Bxb2 27. Nxd6 Rxe1+ 28. Rxe1 Qd5 29. Nc4 Bc3 30. Nb6 Qb7 31. Nxa8 1-0

[Event "Brno REDA"]
[Site "Brno"]
[Date "2007.07.05"]
[Round "8"]
[White "Skinke, Katrina"]
[Black "Lahner, Jakub"]
[Result "0-1"]
[WhiteElo "2175"]
[BlackElo "2312"]
[PlyCount "84"]
[EventDate "2007.06.29"]
[EventType "tourn"]
[EventRounds "11"]
[EventCountry "CZE"]
[EventCategory "1"]
[SourceTitle "CBM 119 Extra"]
[Source "ChessBase"]
[SourceDate "2007.09.04"]
[SourceVersion "1"]
[SourceVersionDate "2007.09.04"]
[SourceQuality "1"]

1. e4 c5 2. Nf3 d6 3. d4 cxd4 4. Nxd4 Nf6 5. Nc3 a6 6. Be3 e6 7. Qd2 b5 8. f3 Nbd7 9. g4 h6 10. 0-0-0 Bb7 11. g5 hxg5 12. Bxg5 Be7 13. Rg1 g6 14. Bd3 Nc5 15. h4 Qa5 16. Kb1 e5 17. Nb3 Nxb3 18. axb3 Qc7 19. Rde1 0-0-0 20. Qf2 Bc6 21. f4 exf4 22. Qxf4 Nh5 23. Qxf7 Bxg5 24. Qxc7+ Kxc7 25. Rxg5 Nf4 26. Rg4 Rdf8 27. Ne2 Nxe2 28. Bxe2 Bd7 29. Rxg6 Rxh4 30. Bd3 Re8 31. Rg7 Kd8 32. Rf1 Re7 33. Rf8+ Be8 34. Rgg8 Rh5 35. Ka2 Rhe5 36. Ka3 a5 37. Rf5 b4+ 38. Ka2 Kc7 39. Kb1 a4 40. bxa4 Rxf5 41. exf5 Re1+ 42. Ka2 Bf7+ 0-1

[Event "Brno REDA"]
[Site "Brno"]
[Date "2007.07.04"]
[Round "6"]
[White "Kireev, Aleksei"]
[Black "Lahner, Jakub"]
[Result "1/2-1/2"]
[WhiteElo "2380"]
[BlackElo "2312"]
[PlyCount "26"]
[EventDate "2007.06.29"]
[EventType "tourn"]
[EventRounds "11"]
[EventCountry "CZE"]
[EventCategory "1"]
[SourceTitle "CBM 119 Extra"]
[Source "ChessBase"]
[SourceDate "2007.09.04"]
[SourceVersion "1"]
[SourceVersionDate "2007.09.04"]
[SourceQuality "1"]

1. g3 Nf6 2. Bg2 d5 3. d3 e5 4. e4 dxe4 5. dxe4 Qxd1+ 6. Kxd1 Ng4 7. Nh3 Bc5 8. Ke1 Nc6 9. c3 Be6 10. Nd2 a5 11. Nf1 h6 12. f3 Nf6 13. Ne3 a4 1/2-1/2

[Event "Brno REDA"]
[Site "Brno"]
[Date "2007.07.03"]
[Round "5"]
[White "Lahner, Jakub"]
[Black "Kashlinskaya, Alina"]
[Result "1-0"]
[WhiteElo "2312"]
[BlackElo "2229"]
[PlyCount "117"]
[EventDate "2007.06.29"]
[EventType "tourn"]
[EventRounds "11"]
[EventCountry "CZE"]
[EventCategory "1"]
[SourceTitle "CBM 119 Extra"]
[Source "ChessBase"]
[SourceDate "2007.09.04"]
[SourceVersion "1"]
[SourceVersionDate "2007.09.04"]
[SourceQuality "1"]

1. d4 Nf6 2. c4 g6 3. Nc3 Bg7 4. e4 d6 5. h3 0-0 6. Bg5 Nbd7 7. Nf3 e5 8. d5 a5 9. Nd2 Nc5 10. g4 Bd7 11. Qf3 c6 12. Be2 a4 13. Rb1 h6 14. Be3 Qa5 15. 0-0 Ne8 16. Qg2 Nc7 17. Rfc1 N7a6 18. a3 Kh7 19. Kh2 Bf6 20. Rg1 Bg5 21. Nf3 Bxe3 22. fxe3 Rad8 23. Nd2 Nb3 24. Nxb3 axb3 25. Rbf1 f6 26. Rf3 Kg7 27. Qf2 Rb8 28. h4 g5 29. h5 Nc5 30. Qf1 Na4 31. Nxa4 Qxa4 32. Rg2 c5 33. Rgf2 f5 34. exf5 Kf6 35. e4 b5 36. Qd1 bxc4 37. Rc3 Bb5 38. Qc1 Ra8 39. Rff3 Rfb8 40. Bxc4 Bxc4 41. Rxc4 Qb5 42. Rfc3 Ra7 43. Kg3 Raa8 44. Kf3 Ra7 45. Qf1 Ra4 46. Rc1 Rxc4 47. Qxc4 Qa5 48. Rc3 Qb6 49. Kg2 Qa5 50. Kf3 Qb6 51. Ke2 Rb7 52. Qa4 Kf7 53. Qc6 Qxc6 54. dxc6 Rc7 55. Rxb3 Rxc6 56. Rb7+ Kf6 57. Kd3 Ra6 58. Rh7 Rb6 59. Kc2 1-0

[Event "Brno REDA"]
[Site "Brno"]
[Date "2007.06.29"]
[Round "1"]
[White "Lahner, Jakub"]
[Black "Holemar, David"]
[Result "1/2-1/2"]
[WhiteElo "2312"]
[BlackElo "2288"]
[PlyCount "51"]
[EventDate "2007.06.29"]
[EventType "tourn"]
[EventRounds "11"]
[EventCountry "CZE"]
[EventCategory "1"]
[SourceTitle "CBM 119 Extra"]
[Source "ChessBase"]
[SourceDate "2007.09.04"]
[SourceVersion "1"]
[SourceVersionDate "2007.09.04"]
[SourceQuality "1"]

1. d4 Nf6 2. c4 g6 3. Nc3 Bg7 4. e4 d6 5. h3 0-0 6. Nf3 Na6 7. Bg5 Qe8 8. Be2 e5 9. d5 Nc5 10. Nd2 a5 11. a3 a4 12. g4 Qd7 13. Rg1 Ne8 14. Qc2 f6 15. Be3 f5 16. exf5 gxf5 17. 0-0-0 Qf7 18. f3 Bd7 19. gxf5 Bxf5 20. Nce4 Kh8 21. Bxc5 dxc5 22. Bd3 Bxe4 23. Nxe4 Bh6+ 24. Kb1 Qe7 25. Qf2 b6 26. Rg4 1/2-1/2